LEADER 00926nam1 22003251i 450 001 990007938730403321 005 20041027115239.0 035 $a000793873 035 $aFED01000793873 035 $a(Aleph)000793873FED01 035 $a000793873 100 $a20041027g20032003km-y0itay50------ba 101 0 $aita 102 $aIT 105 $aa---a---001yy 200 1 $aFondamenti di infrastrutture viarie$fTommaso Esposito, Raffaele Mauro 205 $a2. ed. 210 $aBenevento$cHevelius$d2003- 215 $av.$cill.$d23 cm 463 \1$1001990007938810403321$12001 $a<> geometria stradale 610 0 $aStrade$aCostruzione 676 $a625.7 700 1$aEsposito,$bTommaso$028805 701 1$aMauro,$bRaffaele$0496147 801 0$aIT$bUNINA$gRICA$2UNIMARC 901 $aBK 912 $a990007938730403321 959 $aFINBC 996 $aFondamenti di infrastrutture viarie$9749161 997 $aUNINA LEADER 01654nas 2200529-a 450 001 996203413903316 005 20231101153904.0 035 $a(OCoLC)51830717 035 $a(CKB)111055183238000 035 $a(CONSER)--2004255029 035 $a(DE-599)ZDB2104147-7 035 $a(EXLCZ)99111055183238000 100 $a20030311a20039999 s-- a 101 0 $aeng 135 $aurcnu|||||||| 181 $ctxt$2rdacontent 182 $cc$2rdamedia 183 $acr$2rdacarrier 200 00$aJournal of cosmology and astroparticle physics 210 $a[Bristol, England] ;$a[Philadelphia] $cInstitute of Physics Pub.$d2003- 300 $aRefereed/Peer-reviewed 300 $a"An IOP and SISSA journal." 311 $a1475-7516 517 1 $aJCAP 531 $aJ. COSMOL. ASTROPART. PHYS 531 $aJOURNAL OF COSMOLOGY & ASTROPARTICLE PHYSICS 531 $aJ COSMOL ASTROPART P 606 $aCosmology$vPeriodicals 606 $aAstrophysics$vPeriodicals 606 $aAstrophysics$2fast$3(OCoLC)fst00819797 606 $aCosmology$2fast$3(OCoLC)fst00880600 606 $aCosmologie$vPériodiques 606 $aAstrophysique$vPériodiques 608 $aPeriodicals.$2fast 615 0$aCosmology 615 0$aAstrophysics 615 7$aAstrophysics. 615 7$aCosmology. 615 6$aCosmologie 615 6$aAstrophysique 676 $a530 712 02$aInstitute of Physics Publishing. 712 02$aInternational School for Advanced Studies (Trieste, Italy) 906 $aJOURNAL 912 $a996203413903316 996 $aJournal of cosmology and astroparticle physics$92092785 997 $aUNISA